00329 2200133 4500001002100000005001500021035002000036082001000056084001600066100001600082245004800098260003600146990001300182INLIS00000000000239320250528120038 a0010-0525000685 a784.8 a784.8 EDO t0 aEdo Bone M.1 aTeknik Termuda Bermain Drums /cEdo Bone M. aSurabaya :bTitik Terang,c2004 a05201356